[Event "7th HD Bank Cup 2017"]
[Site "masterchessopen.com Ho Chi Minh City VIE"]
[Date "2017.03.16"]
[Round "8.36"]
[White "Le Huu Thai"]
[Black "Andyka,Pitra"]
[Result "1-0"]
[WhiteElo "2167"]
[BlackElo "2390"]

1.Nf3 Nf6 2.d4 d5 3.Bf4 c5 4.e3 Nc6 5.Be2 cxd4 6.exd4 Bf5 7.O-O e6 8.Nbd2 Bd6
9.Bxd6 Qxd6 10.c3 h6 11.Bb5 O-O 12.Re1 Nd7 13.h3 Rac8 14.a4 a6 15.Bf1 Qc7
16.g3 Rfe8 17.Bg2 b5 18.b4 Ne7 19.Rc1 Nb6 20.axb5 axb5 21.Bf1 Nc4 22.Nxc4 dxc4
23.Nh4 Bh7 24.Ng2 Nd5 25.Ne3 Nf6 26.Bg2 Be4 27.Ng4 Nxg4 28.Rxe4 Nf6 29.Re5 Rb8
30.Rc5 Qd6 31.Ra1 Rb6 32.Qf3 Ra6 33.Rxa6 Qxa6 34.Rc7 Qa1+ 35.Kh2 Rf8 36.Qe3
Rb8 37.g4 Qb2 38.Qg3 Rd8 39.Rb7 Nd5 40.Bxd5 Rxd5 41.Qf3 f6 42.Re7 Rd6 43.Kg2
Rd5 44.Rxe6 Rd8 45.Re7 Kh8 46.Qb7 Qxc3 47.Rxg7 Qd3 48.Qe7 Rg8 49.Rf7 Qf5
50.Rxf6 Rxg4+ 51.Kh2 {#r} 1-0

[Event "7th HD Bank Cup 2017"]
[Site "masterchessopen.com Ho Chi Minh City VIE"]
[Date "2017.03.16"]
[Round "8.37"]
[White "Pham Thi Thu Hien"]
[Black "Li,Yankai"]
[Result "0-1"]
[WhiteElo "2154"]
[BlackElo "2389"]

1.e4 c5 2.Nf3 d6 3.d4 cxd4 4.Nxd4 Nf6 5.Nc3 a6 6.Bg5 e6 7.f4 h6 8.Bh4 Qb6
9.Qd2 Qxb2 10.Rb1 Qa3 11.Bxf6 gxf6 12.f5 Nc6 13.fxe6 fxe6 14.Be2 Qc5 15.Nxc6
bxc6 16.Qd3 Be7 17.Rb3 Kd8 18.Qg3 Rf8 19.Rf1 a5 20.a4 Ra7 21.Kd1 Rb7 22.Kc1
Rxb3 23.cxb3 Qg5+ 24.Qxg5 fxg5 25.Rxf8+ Bxf8 26.Kc2 Bg7 27.Nb1 Kc7 28.Nd2 d5
29.Bf3 Kd6 30.h3 Kc5 31.Bg4 Kd4 32.Bf3 Bf8 33.exd5 cxd5 34.Bg4 Ke3 35.Nf3 Bg7
36.Ne1 Bd4 37.Nf3 Bf6 38.Ne1 d4 39.Nd3 Ba6 40.Nc5 Bf1 41.Nxe6 d3+ 42.Kb1 Be2
{#R} 0-1

[Event "7th HD Bank Cup 2017"]
[Site "masterchessopen.com Ho Chi Minh City VIE"]
[Date "2017.03.16"]
[Round "8.38"]
[White "Pham Chuong"]
[Black "Tokhirjonova,Gulrukhbegim"]
[Result "1-0"]
[WhiteElo "2377"]
[BlackElo "2297"]

1.d4 d5 2.c4 c6 3.Nf3 Nf6 4.e3 Bg4 5.Qb3 Qc7 6.Nc3 e6 7.Nh4 Be7 8.h3 Bh5 9.g4
Bg6 10.Nxg6 hxg6 11.Bg2 Nbd7 12.Bd2 Nb6 13.cxd5 exd5 14.O-O-O Nc4 15.Kb1 O-O
16.Bc1 b5 17.g5 Nh5 18.e4 Nf4 19.Bf3 dxe4 20.Nxe4 a5 21.h4 a4 22.Qc2 a3 23.b3
Nb2 24.Rdg1 Rad8 25.Be3 Ne6 26.h5 Nxd4 27.Bxd4 Rxd4 28.Nf6+ Bxf6 29.gxf6 Nd3
30.hxg6 fxg6 31.Bxc6 Qe5 32.Rxg6 Rxf6 33.Rxf6 gxf6 34.Bxb5 Qf5 35.f3 Kf8
36.Bc6 Qe5 37.Bd5 Rh4 38.Rg1 Qb2+ 39.Qxb2 Nxb2 40.Kc2 Ke7 41.Be4 Ke6 42.Kc3 f5
43.Bc2 Ke5 44.Re1+ Kf4 45.Kb4 Rh2 46.Rc1 Nd3+ 47.Bxd3 Rxa2 48.Rd1 Kxf3 49.Bxf5
Ke3 50.Be6 Ke2 51.Rh1 Kd3 52.Bc4+ Kd4 53.Rd1+ {#r} 1-0

[Event "7th HD Bank Cup 2017"]
[Site "masterchessopen.com Ho Chi Minh City VIE"]
[Date "2017.03.16"]
[Round "8.40"]
[White "Abhishek,K"]
[Black "Nguyen Thi Thanh An"]
[Result "1-0"]
[WhiteElo "2381"]
[BlackElo "2283"]

1.d4 Nf6 2.c4 g6 3.Nc3 Bg7 4.e4 d6 5.Nge2 O-O 6.Ng3 c6 7.Be2 Nbd7 8.h4 h5
9.Bg5 Qb6 10.Qd2 e5 11.d5 a5 12.O-O cxd5 13.exd5 Nh7 14.Nge4 f5 15.Na4 Qc7
16.Nec3 Ndf6 17.Nb5 Qd8 18.c5 Nxg5 19.Qxg5 Kh7 20.Nxd6 Bh6 21.Qg3 e4 22.Nb6 f4
23.Qh2 Bg4 24.Bxg4 hxg4 25.Nxa8 Qxa8 26.Rae1 Qa7 27.Nxe4 Nxe4 28.Rxe4 Qxc5
29.g3 Rf7 30.gxf4 Qxd5 31.Rfe1 Qxa2 32.h5 Qxb2 33.Re6 g5 34.Qg3 Qd2 35.Re7 Bg7
36.Qxg4 Qxf4 37.Qxf4 Rxf4 38.Rxb7 Kg8 39.Re8+ Rf8 40.Rxf8+ Bxf8 41.Ra7 Bb4
42.Kg2 Kh8 43.Kg3 Be1 44.Rd7 Bb4 45.f3 a4 46.Ra7 a3 47.Kg4 Bc5 48.Ra5 Bb4
49.Ra4 Be7 50.Kf5 Kg7 51.Ra7 Kf8 52.Kg6 Bc5 53.Ra8+ Ke7 54.h6 {#r} 1-0

[Event "7th HD Bank Cup 2017"]
[Site "masterchessopen.com Ho Chi Minh City VIE"]
[Date "2017.03.16"]
[Round "8.41"]
[White "Kavinda,A"]
[Black "Laylo,D"]
[Result "0-1"]
[WhiteElo "2084"]
[BlackElo "2445"]

1.Nf3 d5 2.g3 g6 3.Bg2 Bg7 4.d4 Nf6 5.O-O O-O 6.b3 c5 7.Bb2 cxd4 8.Ne5 Ng4
9.Nxg4 Bxg4 10.c3 dxc3 11.Nxc3 d4 12.Nb5 Nc6 13.h3 Be6 14.Bxc6 bxc6 15.Nxd4
Bxh3 16.Nxc6 Qc7 {#R} 0-1

[Event "7th HD Bank Cup 2017"]
[Site "masterchessopen.com Ho Chi Minh City VIE"]
[Date "2017.03.16"]
[Round "8.42"]
[White "Tran Le Dan Thuy"]
[Black "Nguyen Thi Mai Hung"]
[Result "0-1"]
[WhiteElo "2028"]
[BlackElo "2347"]

1.e4 e6 2.d4 d5 3.Nc3 Nf6 4.e5 Nfd7 5.Nf3 Be7 6.Ne2 c5 7.c3 Nc6 8.g3 b5 9.Be3
b4 10.Qa4 Qb6 11.cxb4 cxd4 12.Nexd4 Qxb4+ 13.Qxb4 Bxb4+ 14.Kd1 Nxd4 15.Nxd4
Nxe5 16.Nb5 O-O 17.Bxa7 Bb7 18.f4 Ng4 19.Bd4 Rac8 20.h3 Nf6 21.a3 Be7 22.Na7
Ra8 23.Bd3 Ne4 24.Rc1 Bf6 25.Bxf6 Nf2+ 26.Ke2 Nxh1 27.Bd4 Nxg3+ 28.Kf3 Ne4
29.Rc7 Rab8 30.Ke3 f6 31.b4 Rf7 32.Rxf7 Kxf7 33.Bxe4 dxe4 34.b5 Rd8 35.a4 e5
36.fxe5 f5 {#R} 0-1

[Event "7th HD Bank Cup 2017"]
[Site "masterchessopen.com Ho Chi Minh City VIE"]
[Date "2017.03.16"]
[Round "8.44"]
[White "Thilakarathne,G M H"]
[Black "Godbole,A"]
[Result "1-0"]
[WhiteElo "2213"]
[BlackElo "2100"]

1.e4 e5 2.Nf3 Nc6 3.Bb5 a6 4.Ba4 Nf6 5.O-O Nxe4 6.d4 b5 7.Bb3 d5 8.dxe5 Be6
9.Nbd2 Bc5 10.Qe2 Nxd2 11.Bxd2 O-O 12.Rad1 b4 13.Bg5 Be7 14.Qe3 Bxg5 15.Nxg5
h6 16.Nf3 a5 17.Qc5 Ne7 18.Nd4 a4 19.Bc4 c6 20.Bd3 Qd7 21.Qxb4 Rfb8 22.Qc3 Qc7
23.Nxe6 fxe6 24.b4 axb3 25.axb3 c5 26.Kh1 d4 27.Qe1 Nd5 28.Qe4 Qf7 29.Ra1 Kf8
30.h3 Ke8 31.Bc4 Rd8 32.Rxa8 Rxa8 33.Bxd5 exd5 34.Qd3 Kf8 35.f4 Rd8 36.b4 Qa7
37.Qh7 Re8 38.f5 Qa6 39.Kg1 Rxe5 40.f6 gxf6 41.Qxh6+ Kf7 42.Qh7+ Kf8 43.Qg6
Re6 44.bxc5 Qc6 45.Qh6+ Kf7 46.Qh7+ Kf8 47.Rb1 Qe8 48.Qh8+ Kf7 49.Rb7+ Re7
50.Qxe8+ Kxe8 51.Rxe7+ {#r} 1-0

[Event "7th HD Bank Cup 2017"]
[Site "masterchessopen.com Ho Chi Minh City VIE"]
[Date "2017.03.16"]
[Round "8.45"]
[White "Li Xueyi"]
[Black "Dang,H"]
[Result "0-1"]
[WhiteElo "2170"]
[BlackElo "2356"]

1.d4 Nf6 2.c4 c5 3.d5 b5 4.cxb5 a6 5.bxa6 Bxa6 6.Nc3 g6 7.e4 Bxf1 8.Kxf1 d6
9.Nf3 Bg7 10.g3 Nbd7 11.Kg2 O-O 12.Qc2 Qb6 13.a4 Qb4 14.Bf4 Rfb8 15.Ra2 Nh5
16.Bd2 Qc4 17.Ra3 Nhf6 18.h3 Rb4 19.Re1 Rab8 20.Bc1 Qa6 21.a5 Ne8 22.h4 h5
23.Ra4 Ne5 24.Nxe5 Bxe5 25.Ra3 Nc7 26.Qe2 Bxc3 27.bxc3 Qxe2 28.Rxe2 Rb1 29.Rc2
Na6 30.Raa2 c4 31.Be3 R8b5 32.Ra4 f5 33.exf5 gxf5 34.Rd2 R1b3 35.Rxc4 Rxa5
36.Rf4 Rxc3 37.Rxf5 Nb4 38.Rb2 Rxd5 39.Rg5+ Rxg5 40.Bxg5 Nc6 41.Rb7 Kf7 42.Rc7
Rc5 43.Be3 Rc4 44.Rb7 d5 45.Rb5 e6 46.Kf1 Kg6 47.Ke2 Rc2+ 48.Kd1 Ra2 49.Rb6
Ne5 50.Rxe6+ Kf5 51.Rb6 Nc4 52.Rb3 Ke4 53.Bc1 Rxf2 54.Rc3 Rg2 55.Ke1 Ra2
56.Kd1 Ra4 57.g4 hxg4 58.h5 d4 59.Rg3 Ne5 60.h6 Ra7 61.Rg1 Rh7 62.Re1+ Kf5
63.Rf1+ Kg6 64.Rf8 Rf7 65.Rg8+ Kh7 66.Rg5 Nd3 67.Bd2 Re7 68.Kc2 Nf2 69.Rf5 g3
70.Bf4 g2 71.Bh2 Ng4 72.Rg5 Nxh2 73.Rxg2 Nf3 {#R} 0-1

[Event "7th HD Bank Cup 2017"]
[Site "masterchessopen.com Ho Chi Minh City VIE"]
[Date "2017.03.16"]
[Round "8.46"]
[White "Lu Chan Hung"]
[Black "Luong Phuong Hanh"]
[Result "0-1"]
[WhiteElo "2243"]
[BlackElo "2148"]

1.d4 Nf6 2.Bf4 d6 3.e3 g6 4.Nf3 Bg7 5.h3 O-O 6.Be2 c5 7.c3 Nbd7 8.O-O b6
9.Nbd2 Bb7 10.a4 a6 11.Qb3 Qc7 12.Bh2 Bc6 13.c4 cxd4 14.exd4 e5 15.dxe5 dxe5
16.Qe3 Rfe8 17.b4 a5 18.b5 Bb7 19.Nb3 Rac8 20.Rfd1 Nh5 21.Ng5 Nf4 22.Bf3 Nf6
23.Rac1 Bxf3 24.Qxf3 Bh6 25.h4 Bf8 26.Bxf4 exf4 27.Rd4 Bd6 28.Ne4 Nxe4 29.Rxe4
Rxe4 30.Qxe4 h5 31.Qd5 Ba3 32.Rc2 Rd8 33.Qf3 Be7 34.Rc1 Ba3 35.Rc2 Qe7 36.c5
Qe1+ 37.Kh2 Rd1 38.g3 Qg1+ 39.Kh3 Rd3 40.Qg2 Qd1 41.Rd2 Qxb3 {#R} 0-1

[Event "7th HD Bank Cup 2017"]
[Site "masterchessopen.com Ho Chi Minh City VIE"]
[Date "2017.03.16"]
[Round "8.47"]
[White "Nguyen Van Thanh"]
[Black "Vasilyev,M"]
[Result "1-0"]
[WhiteElo "2238"]
[BlackElo "2165"]

1.e4 c5 2.Nc3 Nc6 3.f4 e6 4.Nf3 d5 5.Bb5 a6 6.Bxc6+ bxc6 7.d3 Nf6 8.O-O Be7
9.Qe2 O-O 10.b3 a5 11.Na4 c4 12.bxc4 dxe4 13.dxe4 Ba6 14.e5 Nd7 15.Rd1 Qc7
16.Be3 Rab8 17.a3 Rb7 18.Nd2 f6 19.exf6 Bxf6 20.Rab1 c5 21.Nb3 Be7 22.Nc3 Kh8
23.Nb5 Bxb5 24.cxb5 Nf6 25.c4 a4 26.Nd2 Bd6 27.Rf1 Qf7 28.Nf3 Qh5 29.Rbe1 Ng4
30.g3 Qe8 31.Bd2 Re7 32.Ng5 Nh6 33.Qd3 Nf5 34.g4 h6 35.gxf5 hxg5 36.Qxd6 Rd7
37.Qxe6 Qxe6 38.fxe6 Rxd2 39.fxg5 Re8 40.e7 Kg8 41.Rf5 Rd3 42.g6 Rd6 43.Rg5
Rf6 44.h4 Rf4 45.h5 Rxc4 46.Rd5 Rd4 47.Rxd4 cxd4 48.Re4 {#r} 1-0

[Event "7th HD Bank Cup 2017"]
[Site "masterchessopen.com Ho Chi Minh City VIE"]
[Date "2017.03.16"]
[Round "8.48"]
[White "Tong,Thai Hung"]
[Black "Phan Nguyen Mai Chi"]
[Result "0-1"]
[WhiteElo "2182"]
[BlackElo "2115"]

1.d4 d5 2.c4 c6 3.Nf3 Nf6 4.Nc3 a6 5.e3 Bf5 6.Qb3 Ra7 7.cxd5 cxd5 8.Ne5 e6
9.Be2 Nfd7 10.Qa4 Be7 11.g4 Be4 12.Nxe4 dxe4 13.Bd2 O-O 14.Nxd7 Nxd7 15.Qc2 e5
16.Qxe4 exd4 17.Qxd4 Bc5 18.Qd5 Qe7 19.O-O-O b5 20.Bc3 Re8 21.g5 Nb6 22.Qf5
Na4 23.Bd4 Rc7 24.Kb1 Bxd4 25.Rxd4 Rc5 26.Qd7 Qxd7 27.Rxd7 Rxg5 28.Rd6 Rg6
29.Rxg6 hxg6 30.Rc1 Kf8 31.Rc6 Re6 32.Rxe6 fxe6 33.h4 e5 34.Kc2 Ke7 35.Bd3 Kf6
36.Be4 Nc5 37.Bc6 b4 38.f3 g5 39.hxg5+ Kxg5 40.a3 a5 41.axb4 axb4 42.Kd2 Kh4
43.Ke2 Kg3 44.Bb5 Ne6 45.Bd7 Ng5 46.Bc6 Nh3 47.Kd3 Ng1 48.Kc4 Nxf3 49.Kxb4 Kf2
50.Kc5 g5 51.b4 g4 52.b5 g3 53.b6 g2 54.b7 g1=Q 55.b8=Q Kxe3 56.Qb2 Kf4+
57.Kc4 Qf1+ 58.Kc5 Qd1 59.Bxf3 Qxf3 60.Qh2+ Qg3 61.Qxg3+ Kxg3 {#R} 0-1

[Event "7th HD Bank Cup 2017"]
[Site "masterchessopen.com Ho Chi Minh City VIE"]
[Date "2017.03.16"]
[Round "8.49"]
[White "Le Thanh Tu"]
[Black "Ivana Maria,F"]
[Result "1-0"]
[WhiteElo "2271"]
[BlackElo "2150"]

1.d4 e6 2.Nf3 Nf6 3.g3 c5 4.c4 cxd4 5.Nxd4 Qc7 6.b3 Bb4+ 7.Bd2 Bc5 8.Nf3 e5
9.Bc3 Nc6 10.Bh3 d5 11.Bxc8 Rxc8 12.cxd5 Rd8 13.O-O Nxd5 14.Qc1 O-O 15.Bb2 Qe7
16.Nbd2 e4 17.Nh4 f5 18.Nc4 Nd4 19.Re1 f4 20.e3 fxg3 21.hxg3 Nc6 22.a3 a6
23.Qc2 b5 24.Nd2 Ndb4 25.axb4 Nxb4 26.Qc3 Nd3 27.Rf1 Bb4 28.Qxg7+ Qxg7 29.Bxg7
Kxg7 30.Nxe4 Rfe8 31.Ng5 a5 32.Kg2 Rc8 33.g4 h6 34.Ngf3 Re4 35.Nf5+ Kh7 36.Kh3
Rg8 37.Nh2 Nc5 38.Rab1 h5 39.f3 Re5 40.Rfd1 hxg4+ 41.fxg4 Ne4 42.Rd7+ Kg6
43.Nf3 Rc5 44.Ne7+ Kg7 45.Nxg8+ Kxg8 46.Nd4 Rc3 47.Nf5 Nc5 48.Rg7+ Kf8 49.Rh1
Ne6 50.Rb7 Rxb3 51.Kg3 Bc3 52.Rhh7 Be5+ 53.Kh4 Rb2 54.Rhf7+ Kg8 55.Nh6+ Kh8
56.Rh7# 1-0

[Event "7th HD Bank Cup 2017"]
[Site "masterchessopen.com Ho Chi Minh City VIE"]
[Date "2017.03.16"]
[Round "8.50"]
[White "Nishant,M"]
[Black "Rowe,D"]
[Result "1-0"]
[WhiteElo "2198"]
[BlackElo "2162"]

1.d4 Nf6 2.c4 c5 3.d5 e6 4.Nc3 exd5 5.cxd5 d6 6.Nf3 g6 7.Bf4 a6 8.a4 Nbd7 9.h3
Qc7 10.e3 Bg7 11.Be2 O-O 12.O-O Nh5 13.Bh2 f5 14.Nd2 Nhf6 15.Nc4 Ne8 16.a5 Ne5
17.Nb6 Rb8 18.Ra3 g5 19.f4 Ng6 20.Nca4 gxf4 21.exf4 Nf6 22.Kh1 Ne4 23.Nc3 Nh4
24.Nxe4 fxe4 25.g3 Bxh3 26.gxh4 Bxf1 27.Bxf1 Bxb2 28.Rb3 Bg7 29.Bh3 Rbd8
30.Be6+ Kh8 31.Qe1 Rf6 32.f5 Rh6 33.Rh3 e3 34.Nc4 Bf6 35.h5 Bg5 36.Na3 Qe7
37.Nc4 Rxe6 38.fxe6 Qf8 39.Qc3+ Kg8 {#r} 1-0

[Event "7th HD Bank Cup 2017"]
[Site "masterchessopen.com Ho Chi Minh City VIE"]
[Date "2017.03.16"]
[Round "8.51"]
[White "Ning,Kaiyu"]
[Black "Chan,Kim Yew"]
[Result "1-0"]
[WhiteElo "2022"]
[BlackElo "2176"]

1.d4 Nf6 2.Nf3 b6 3.c4 Bb7 4.Nc3 e6 5.g3 Bb4 6.Bg2 c5 7.dxc5 Bxc5 8.O-O O-O
9.Qc2 d5 10.Bg5 Nc6 11.cxd5 Nb4 12.Qa4 Nbxd5 13.Nxd5 Bxd5 14.e4 Bb7 15.e5 Qd7
16.Qh4 Nd5 17.Rad1 Rfe8 18.Nd2 Be7 19.Ne4 Bxg5 20.Qxg5 Qe7 21.Qxe7 Rxe7 22.Nd6
Rd8 23.Rc1 Red7 24.Rfd1 Kf8 25.Rd2 Nb4 26.Bxb7 Rxb7 27.Nxb7 Rxd2 28.Rc8+ Ke7
29.Nd6 Nd3 30.Rc7+ Kd8 31.Rxa7 Nxf2 32.Nxf7+ Kc8 33.Nd6+ Kb8 34.Rxg7 Nh3+
35.Kf1 Rxb2 36.Rxh7 Ng5 37.Rh8+ Kc7 38.h4 Nf3 39.a4 Rd2 40.Nb5+ Kc6 41.Rc8+
Kd7 42.Rc7+ Kd8 43.Rc3 Nxe5 44.Ke1 Ra2 45.Re3 Ra1+ 46.Ke2 Ra2+ 47.Kf1 Ng4
48.Rxe6 Rxa4 49.Rxb6 Ra2 50.Rd6+ Ke7 51.Rd3 Ra1+ 52.Ke2 Rh1 53.Rd1 Rh2+ 54.Kf3
Nf6 55.Nc3 Ke6 56.Ne2 Kf5 57.Ra1 Nd7 58.g4+ Ke5 59.Nf4 Kf6 60.Ng2 Ne5+ 61.Kg3
Nxg4 62.Ra4 Kf5 63.Rf4+ Ke5 64.Rxg4 Rh1 65.Rg5+ Kf6 66.Ra5 Kg6 67.h5+ Kh6
68.Nf4 Rg1+ 69.Kh4 Rh1+ 70.Nh3 Rf1 71.Ra6+ Kg7 72.h6+ Kg8 73.Ng5 Rf4+ 74.Kh5
Rf8 75.Kg6 Kh8 76.Nf7+ Rxf7 77.Kxf7 Kh7 78.Rb6 {#r} 1-0

[Event "St Louis Winter Classic A"]
[Site "masterchessopen.com Saint Louis USA"]
[Date "2017.03.16"]
[Round "6.1"]
[White "Sevian,Samuel"]
[Black "Shankland,S"]
[Result "0-1"]
[WhiteElo "2587"]
[BlackElo "2666"]

1.e4 e5 2.Nf3 Nc6 3.Bb5 Nf6 4.O-O Nxe4 5.d4 Nd6 6.Bxc6 dxc6 7.dxe5 Nf5 8.Qxd8+
Kxd8 9.h3 Bd7 10.Rd1 Kc8 11.a4 a5 12.g4 Ne7 13.Ra3 Nd5 14.Rad3 Be7 15.c4 Nb6
16.Bg5 f6 17.exf6 gxf6 18.Bh6 Rg8 19.Nc3 Bf5 20.Re3 Bc5 21.Re2 Nxc4 22.Nd4 Bg6
23.Ne6 Bd6 24.f4 f5 25.Kf2 Ra6 26.b3 Nb6 27.Bg5 Nd7 28.Nd4 fxg4 29.hxg4 Rb6
30.Ne4 Bxe4 31.Rxe4 h6 32.Rde1 Kb8 33.Re8+ Rxe8 34.Rxe8+ Ka7 35.Be7 Bxf4
36.Rd8 Ne5 37.Ne6 Rxb3 38.Kg2 Rb2+ 39.Kf1 Be3 40.Nxc7 Nf3 41.Ra8+ Kb6 42.Ne6
Rf2# 0-1

[Event "St Louis Winter Classic A"]
[Site "masterchessopen.com Saint Louis USA"]
[Date "2017.03.16"]
[Round "6.2"]
[White "Li,Ruifeng"]
[Black "Zherebukh,Y"]
[Result "0-1"]
[WhiteElo "2577"]
[BlackElo "2605"]

1.e4 c5 2.Nf3 d6 3.d4 cxd4 4.Nxd4 Nf6 5.Nc3 a6 6.h3 e6 7.g4 Be7 8.g5 Nfd7
9.Be3 b5 10.a3 Bb7 11.Qd2 O-O 12.O-O-O Nc6 13.h4 Nc5 14.f3 Rb8 15.Nxc6 Bxc6
16.b4 Nd7 17.h5 a5 18.g6 axb4 19.axb4 Bf6 20.h6 hxg6 21.hxg7 Kxg7 22.Qxd6 Ne5
23.Bh6+ Kg8 24.f4 Nc4 25.Qxc6 Qe7 26.Bxf8 Qa7 27.Bxc4 Bxc3 28.Rh8+ Kxh8
29.Rh1+ Kg8 30.Ba2 Qa3+ 31.Kd1 Rd8+ 32.Ke2 Rd2+ 33.Kf3 Rxc2 34.Kg4 Rg2+ 35.Kh3
Be1+ {#R} 0-1

[Event "St Louis Winter Classic A"]
[Site "masterchessopen.com Saint Louis USA"]
[Date "2017.03.16"]
[Round "6.4"]
[White "Xiong,Jeffery"]
[Black "Cordova,E"]
[Result "1-0"]
[WhiteElo "2674"]
[BlackElo "2655"]

1.d4 Nf6 2.c4 e6 3.g3 c5 4.d5 exd5 5.cxd5 d6 6.Nc3 g6 7.Bg2 Bg7 8.Nf3 O-O
9.O-O Re8 10.Bf4 Bf5 11.Nh4 Bc8 12.Qd2 Na6 13.Rfe1 b5 14.Nxb5 Ne4 15.Bxe4 Rxe4
16.Nxd6 Rd4 17.Qe3 Nc7 18.Nxc8 Nxd5 19.Ne7+ Nxe7 20.Bg5 Rd7 21.Qxc5 Bxb2
22.Rab1 Rc8 23.Qe3 Bc3 24.Rec1 Bd2 25.Rxc8 Qxc8 26.Qe5 Nc6 27.Qf6 Bxg5 28.Qxg5
Qa6 29.Rb2 Qc4 30.Nf3 Rd5 31.Qe3 a5 32.Rb7 Nd8 33.Re7 Qc6 34.Kg2 Ne6 35.Qa7
Rf5 36.Qb8+ Kg7 37.Qb2+ Kh6 38.Qd2+ Kg7 39.Qb2+ Kh6 40.Qb7 Qc4 41.e4 Rf6
42.Qd5 Qb4 43.Rb7 Qa3 44.Qd2+ Kg7 45.Rb3 Qa4 46.Re3 Nc5 47.Qd5 Nd7 48.e5 Re6
49.Ng5 Re7 50.e6 fxe6 51.Nxe6+ {#r} 1-0

[Event "St Louis Winter Classic B"]
[Site "masterchessopen.com Saint Louis USA"]
[Date "2017.03.16"]
[Round "6.3"]
[White "Hess,Ro"]
[Black "Sukandar,I"]
[Result "1-0"]
[WhiteElo "2571"]
[BlackElo "2423"]

1.d4 Nf6 2.c4 e6 3.Nc3 Bb4 4.Qc2 b6 5.e4 c5 6.e5 cxd4 7.a3 Bxc3+ 8.bxc3 Ng8
9.cxd4 Nc6 10.Nf3 Bb7 11.d5 Na5 12.Nd4 Ne7 13.Bg5 h6 14.Bh4 g5 15.Bg3 exd5
16.h4 g4 17.Nb5 dxc4 18.Nd6+ Kf8 19.h5 Qc7 20.Nxf7 Qc5 21.Nxh8 Nb3 22.Ng6+ Ke8
23.Nxe7 Qa5+ 24.Kd1 Be4 25.Qb2 Nxa1 26.Qxa1 c3 27.Ke2 c2 28.Bf4 Kxe7 29.f3
gxf3+ 30.gxf3 Bxf3+ 31.Kxf3 Qd5+ 32.Ke3 Qxh1 33.e6 Qg1+ 34.Ke4 d5+ 35.Kd3 Rc8
36.Qe1 c1=Q 37.Bxc1 Rc4 38.Be3 Qg4 39.Kd2 d4 40.Bxc4 dxe3+ 41.Kc3 b5 42.Be2
Qxe6 43.Qh4+ Kf8 44.Qf4+ Kg7 45.Qd4+ Kf8 46.Qc5+ Kg8 47.Qxb5 Qf6+ 48.Kb3 {#r}
1-0

[Event "St Louis Winter Classic B"]
[Site "masterchessopen.com Saint Louis USA"]
[Date "2017.03.16"]
[Round "6.4"]
[White "Baryshpolets,A"]
[Black "Chirila,I"]
[Result "1-0"]
[WhiteElo "2578"]
[BlackElo "2522"]

1.d4 Nf6 2.c4 g6 3.Nc3 d5 4.Nf3 Bg7 5.cxd5 Nxd5 6.e4 Nxc3 7.bxc3 O-O 8.Be2 c5
9.O-O Bg4 10.Be3 Qa5 11.Qb3 cxd4 12.cxd4 Nc6 13.Rad1 Qb4 14.h3 Bxf3 15.Bxf3 a5
16.e5 Rfd8 17.Qxb4 axb4 18.Rd2 e6 19.Rc1 Ra6 20.Be4 Rda8 21.Rcc2 Bf8 22.Bg5 h6
23.Be3 Ra3 24.d5 exd5 25.Bxd5 Nxe5 26.Rc7 Rd8 27.Bb3 Rxd2 28.Bxd2 b5 29.Rc8
Kg7 30.Rxf8 Rxb3 31.Bxh6+ Kxh6 32.axb3 {#r} 1-0

[Event "St Louis Winter Classic B"]
[Site "masterchessopen.com Saint Louis USA"]
[Date "2017.03.16"]
[Round "6.5"]
[White "Finegold,B"]
[Black "Ramirez,Alej"]
[Result "1-0"]
[WhiteElo "2481"]
[BlackElo "2549"]

1.d4 Nf6 2.Nf3 c5 3.d5 g6 4.Nc3 Bg7 5.e4 d6 6.Bb5+ Bd7 7.a4 O-O 8.O-O Bg4
9.Re1 Na6 10.h3 Bxf3 11.Qxf3 Nc7 12.Bf1 Nd7 13.Nb5 b6 14.Nxc7 Qxc7 15.Ba6 Nb8
16.Bf1 c4 17.c3 Nd7 18.Be3 a6 19.Bd4 b5 20.Qe3 Rfc8 21.h4 Qb7 22.h5 Nc5
23.Bxg7 Kxg7 24.h6+ Kg8 25.a5 Qd7 26.e5 Qg4 27.Rad1 Qh5 28.exd6 exd6 29.Rd4 g5
30.Qe7 Qxh6 31.Rg4 f6 32.Qxd6 Qf8 33.Qg3 Re8 34.Rxe8 Rxe8 35.Rd4 Rd8 36.Be2
Qd6 37.Qe3 Qe5 38.Qf3 Kg7 39.Bf1 Rd6 40.Rd2 f5 41.Re2 Qxd5 42.Qe3 Ne6 43.Qa7+
Kg6 44.g3 f4 45.Qe7 f3 46.Re3 g4 47.b3 Rc6 48.bxc4 bxc4 49.Re1 h6 50.Qe8+ Kg7
51.Qe7+ Kg6 52.Qe8+ Kg7 53.Rb1 Kf6 54.Qh8+ Ke7 55.Qxh6 Qxa5 56.Qh7+ Kf6 57.Rb7
Rc7 58.Qh8+ Kf7 59.Rb8 Ke7 60.Qg8 Qh5 61.Rb6 Qf5 62.Rxa6 Rd7 63.Qc8 Qe4 64.Ra1
Rc7 65.Qb8 Qb7 66.Qh8 Qe4 67.Qh4+ Kf7 68.Bh3 Rb7 69.Bxg4 Rb1+ 70.Kh2 Qe1
71.Ra7+ {#r} 1-0

[Event "ch-CZE Junior 2017"]
[Site "masterchessopen.com Kouty nad Desnou CZE"]
[Date "2017.03.16"]
[Round "8.1"]
[White "Machan,J"]
[Black "Husek,Martin"]
[Result "1-0"]
[WhiteElo "2294"]
[BlackElo "2174"]

1.d4 Nf6 2.c4 e6 3.Nf3 d5 4.Nc3 Bb4 5.Bg5 h6 6.Bxf6 Qxf6 7.e3 O-O 8.Rc1 Rd8
9.a3 Bf8 10.cxd5 exd5 11.Nb5 Na6 12.Nxc7 Nxc7 13.Rxc7 Qb6 14.Rc2 Bd7 15.Rd2
Qa5 16.Bd3 b5 17.O-O b4 18.axb4 Bxb4 19.Re2 Rab8 20.Ne5 Be8 21.Rc2 Rdc8
22.Rxc8 Rxc8 23.Qg4 Qc7 24.Qf5 g6 25.Qf3 Qd8 26.Bb5 Bd6 27.Qxd5 Bxe5 28.Qxe5
Bxb5 29.Qxb5 Rb8 30.Qa6 Qc7 31.Qa3 a5 32.g3 Qc2 33.Qxa5 Rxb2 34.Qe5 Ra2 35.Qf6
h5 36.Qf3 Kg7 37.h4 Ra6 38.Qd1 Qf5 39.Qb1 Qf3 40.Qd1 Qf5 41.Qe2 Qe6 42.d5 Qd6
43.Qc4 Ra3 44.Rd1 Kh7 45.Qf4 Qxf4 46.gxf4 {#r} 1-0

[Event "ch-CZE Junior 2017"]
[Site "masterchessopen.com Kouty nad Desnou CZE"]
[Date "2017.03.16"]
[Round "8.2"]
[White "Pulpan,J"]
[Black "Szotkowski,J"]
[Result "1-0"]
[WhiteElo "2394"]
[BlackElo "2379"]

1.c4 Nf6 2.Nc3 e5 3.Nf3 Nc6 4.e3 Bb4 5.Qc2 O-O 6.Nd5 Re8 7.a3 Bf8 8.Qf5 Nxd5
9.cxd5 d6 10.Qc2 Ne7 11.Bc4 f5 12.h4 e4 13.Nd4 Ng6 14.h5 Ne5 15.Ne2 Be7 16.Nf4
Bf6 17.Be2 c5 18.d3 exd3 19.Nxd3 b6 20.Bd2 Qe7 21.Nxe5 Qxe5 22.Bc3 Qe4 23.Bd3
Bxc3+ 24.Qxc3 Qe5 25.Qc2 Kh8 26.O-O-O Bd7 27.g4 Rf8 28.Kb1 b5 29.h6 g6 30.f4
Qe7 31.gxf5 Bxf5 32.e4 c4 33.exf5 cxd3 34.Qxd3 Rxf5 35.Rde1 Qc7 36.Re6 Qc5
37.Rc1 Qxd5 38.Qc3+ {#r} 1-0

[Event "ch-CZE Junior 2017"]
[Site "masterchessopen.com Kouty nad Desnou CZE"]
[Date "2017.03.16"]
[Round "8.3"]
[White "Eret,Jonas"]
[Black "Vykouk,Jan"]
[Result "0-1"]
[WhiteElo "2235"]
[BlackElo "2424"]

1.d4 Nf6 2.Nf3 g6 3.Bf4 c5 4.c3 b6 5.e3 Bb7 6.h3 Bg7 7.Be2 O-O 8.O-O d6 9.Nbd2
Nbd7 10.a4 a6 11.Bc4 cxd4 12.cxd4 Nd5 13.Bg3 a5 14.Qb3 N7f6 15.Ne1 Nb4 16.Nd3
Nfd5 17.Rfc1 Rc8 18.Bb5 Kh8 19.Rxc8 Qxc8 20.Rc1 Qa8 21.Nxb4 Nxb4 22.f3 f5
23.Kh2 Bf6 24.Nc4 Qd8 25.Be1 Nd5 26.Na3 e6 27.Bd2 f4 28.e4 Ne3 29.Qd3 Bh4
30.Bxe3 Bg3+ 31.Kh1 fxe3 32.Nc2 Qh4 33.Qxe3 Bc8 34.Bf1 e5 35.Rd1 Bd7 36.b3 Rc8
37.Qd3 Bf4 38.Kg1 Qg3 39.Ne3 Bxh3 40.dxe5 dxe5 41.Rb1 Bxe3+ 42.Qxe3 Rc2 {#R}
0-1

[Event "ch-CZE Junior 2017"]
[Site "masterchessopen.com Kouty nad Desnou CZE"]
[Date "2017.03.16"]
[Round "8.5"]
[White "Kozusek,Daniel"]
[Black "Liska,Ji2"]
[Result "1-0"]
[WhiteElo "2216"]
[BlackElo "2223"]

1.d4 Nf6 2.c4 g6 3.Nc3 d5 4.cxd5 Nxd5 5.e4 Nxc3 6.bxc3 c5 7.Bb5+ Nd7 8.Qa4 Bg7
9.Ne2 cxd4 10.cxd4 O-O 11.O-O a6 12.Qa3 Nb6 13.Bd3 Be6 14.Bg5 f6 15.Bf4 Nc4
16.Qb4 b5 17.d5 Bd7 18.Bxc4 bxc4 19.Nd4 f5 20.e5 Bb5 21.Nxb5 axb5 22.Qxb5 Ra5
23.Qxc4 Qxd5 24.Qxd5+ Rxd5 25.Rfe1 Ra8 26.h4 Raa5 27.g3 h6 28.Re2 Bxe5 29.Bxe5
Rxe5 30.Rxe5 Rxe5 31.a4 Ra5 32.Kf1 Kf7 33.Ke2 Ke6 34.Kd3 Kd5 35.Kc3 e5 36.Kb4
Ra8 37.a5 g5 38.a6 f4 39.a7 e4 40.gxf4 gxf4 41.Kb5 e3 42.fxe3 f3 43.Kb6 Ke4
44.Kb7 Rxa7+ 45.Kxa7 Kxe3 46.Kb6 f2 47.Kc5 Ke2 48.Kd4 f1=Q 49.Rxf1 Kxf1 50.Ke4
Kf2 51.h5 Kg3 52.Kf5 {#r} 1-0

[Event "ch-CZE Junior 2017"]
[Site "masterchessopen.com Kouty nad Desnou CZE"]
[Date "2017.03.16"]
[Round "9.1"]
[White "Slovak,Kilian"]
[Black "Machan,J"]
[Result "0-1"]
[WhiteElo "2143"]
[BlackElo "2294"]

1.e4 c6 2.d4 d5 3.Nc3 Nf6 4.e5 Nfd7 5.f4 e6 6.Nf3 c5 7.Be3 Nc6 8.Be2 cxd4
9.Nxd4 Bc5 10.Qd2 O-O 11.O-O-O a6 12.Bf3 Na5 13.Be2 Qc7 14.Na4 Ba7 15.Qc3 Nc4
16.Bxc4 dxc4 17.Qe1 b5 18.Nc3 b4 19.Ne4 Bb7 20.Ng5 b3 21.axb3 cxb3 22.Nxb3
Rfc8 23.Rd2 Bd5 24.Kb1 a5 25.Bxa7 Rxa7 26.Qe3 a4 27.Nd4 h6 28.Ne4 Qa5 29.Kc1
a3 30.Qxa3 Qb6 {#R} 0-1